000 00707nam a2200193Ia 4500
003 LDD
008 190117s9999 xx 000 0 und d
020 _c₹75
040 _cLDD
041 _ahi
082 _a8b3.6 आ69201कृ
100 _aदेवी, आशापूर्णा
245 0 _aकृष्ण चूड़ा का वृक्ष
_cआशापूर्णा देवी
260 _aदिल्ली
_bंगा 1
_c1997
300 _a88
901 _aANI
904 _aReqst by : नीलम फ़ारूक़ी
942 _2ddc
_cH
999 _c161453
_d161453